• 首页
  • 本馆介绍
  • 公告通知
  • 最新文献
  • 馆藏检索
  • 电子资源
  • 读者导购
  • 参考咨询
  • 我的图书馆
  • 登录
  • 详细信息显示
  • 放入我的书架
  • 预约/预借图书
  • 作者相关作品
  • 分类相关作品
  • 丛书相关作品
  • 出版社相关作品

书目信息

  • 表格格式
  • 工作单格式
  • 卡片格式
书名: Lives and work at sea
作者: by William L.H. Scarratt.
分册号:
分册名:
出版地: Ithaca, N.Y. :
 
出版社: Regatta Press
出版时间: c2004.
页数: xii, 189 p. :
开本: 24 cm.
丛书名:
中图分类号:
科图分类号:
其他分类号: F55
主题词:
电子资源: http://www.loc.gov/catdir/toc/ecip048/2003020152.html     
000 01567cam a2200349 a 450
001 E0730847523
005 20070313090455.89
008 030912s2004 nyuab b 001 0deng
010    @a2003020152
020    @a0967482682 (alk. paper).
040    @aDLC@cDLC@dDLC
043    @ae-uk---
050 00 @aHE823@b.S29 2004
082 00 @a387.5/092/241@2 22
090    @aF55
099    @dF55@ex11
100 1  @aScarratt, William L. H.,@d1933-
245 10 @aLives and work at sea :@bHerbert Holdsworth, Colin Hannah, and the ship Ladakh / @cby William L.H. Scarratt.
260    @aIthaca, N.Y. :@bRegatta Press,@cc2004.
300    @axii, 189 p. :@bill., maps ;@c24 cm.
504    @aIncludes bibliographical references and index.
600 10 @aHannah, Colin,@d1866?-1948.
600 10 @aHoldsworth, Herbert,@d1880?-1935.
610 20 @aLadakh (Ship)
650  0 @aMerchant mariners@zGreat Britain@vBiography.
650  0 @aSeafaring life@zGreat Britain@xHistory@y19th century.
650  0 @aMerchant marine@zGreat Britain@xHistory@y19th century.
650  0 @aTramp shipping@zGreat Britain@xHistory@y19th century.
856 41 @3 Table of contents@uhttp://www.loc.gov/catdir/toc/ecip048/2003020152.html
906    @a7@bcbc@corignew@d1@eecip@f20@gy-gencatlg
925 0  @aacquire@b2 shelf copies@xpolicy default
955    @alh02 2003-09-12@clh02 2003-09-12 to subj.@alh06 to SSCD for HD or HE?@dsc04 2003-10-17@esc06 2003-10-17 to Dewey@aaa19 2003-10-17@aps13 2004-05-03 1 copy rec’d., to CIP ver.@fsd11 2004-05-19 CIP ver to sl;@gSD77 2004-05-24 to BCCD
    
    Lives and work at sea : : Herbert Holdsworth, Colin Hannah, and the ship Ladakh / / by William L.H. Scarratt.-Ithaca, N.Y. : : Regatta Press, , c2004.
    xii, 189 p. : : ill., maps ; ; 24 cm.
    Includes bibliographical references and index.
    
    ISBN 0967482682 (alk. paper).
    
●
相关链接 在E读中查询图书 在五车中查询图书 在当当中查询图书 在豆瓣中查询图书


正题名:Lives and work at sea     索取号:F55/x11         预约/预借

序号 登录号 条形码 馆藏地/架位号 状态 备注
1 001539   300015392   第二样本阅览室/ [索取号:F55/x11] 在馆    
2 001540   300015409   第四借阅区/ [索取号:F55/x11] 在馆    
唐山师范学院图书馆 欢迎您!
大连网信软件有限公司© 版权所有